[Event "Senioren 2018"]
[Site "Bad Woerishofen"]
[Date "2018.02.23"]
[Round "1"]
[White "Braeu, Wolfgang"]
[Black "Klett, Thomas"]
[Result "0-1"]
[WhiteElo "1878"]
[BlackElo "1870"]
[PlyCount "86"]
[EventDate "2018.??.??"]
[WhiteTeam "SF Buchenberg"]
[BlackTeam "SV Urach"]

1. d4 Nf6 2. Nf3 e6 3. e3 b6 4. Bd3 Bb7 5. Nbd2 c5 6. O-O Qc7 7. b3 Be7 8. Bb2
d6 9. c4 Nbd7 10. Qe2 O-O 11. Rad1 Rfe8 12. Bb1 Bf8 13. Ng5 h6 14. Nge4 Nxe4
15. Nxe4 f5 16. Ng3 Nf6 17. f3 d5 18. cxd5 Nxd5 19. e4 Nb4 20. Rfe1 Ba6 21. Qd2
cxd4 22. a3 Nc6 23. exf5 e5 24. Ne4 Qf7 25. b4 Bc4 26. f4 Rad8 27. fxe5 Rxe5
28. Ng3 Rxe1+ 29. Rxe1 Be7 30. Ne4 b5 31. Qf4 Rd7 32. f6 Bxf6 33. Nxf6+ Qxf6
34. Re8+ Kf7 35. Qxf6+ gxf6 36. Re4 d3 37. Rf4 Rd6 38. Bxd3 Bxd3 39. Kf2 f5 40.
g4 Ke6 41. gxf5+ Bxf5 42. Bg7 Ne5 43. Bxe5 Kxe5 0-1

[Event "Senioren 2018"]
[Site "Bad Woerishofen"]
[Date "2018.02.23"]
[Round "1"]
[White "Braun, Erhard"]
[Black "Kuenne, Lutz"]
[Result "1-0"]
[WhiteElo "1932"]
[BlackElo "1597"]
[PlyCount "47"]
[EventDate "2018.??.??"]
[WhiteTeam "SC Heusweiler"]
[BlackTeam "KC Jena"]

1. e4 c5 2. Nf3 d6 3. d4 cxd4 4. Nxd4 Nf6 5. Nc3 g6 6. Bc4 Bg7 7. Bb3 O-O 8. f3
Nc6 9. Be3 Na5 10. Qd2 Nxb3 11. axb3 a6 12. O-O-O Bd7 13. g4 Ne8 14. h4 Nc7 15.
h5 Nb5 16. hxg6 fxg6 17. Qh2 Nxd4 18. Bxd4 e5 19. Be3 Qf6 20. Qxh7+ Kf7 21. Qh4
Rh8 22. Qxf6+ Bxf6 23. Rxh8 Bxh8 24. Rxd6 1-0

[Event "Senioren 2018"]
[Site "Bad Woerishofen"]
[Date "2018.02.23"]
[Round "1"]
[White "Buss, Richard"]
[Black "Winter, Bernd"]
[Result "0-1"]
[WhiteElo "1595"]
[BlackElo "1925"]
[PlyCount "60"]
[EventDate "2018.??.??"]
[WhiteTeam "VfR Heisfelde"]
[BlackTeam "Münchener SC"]

1. e4 c5 2. Nf3 Nc6 3. Nc3 e6 4. d4 cxd4 5. Nxd4 a6 6. a4 Nf6 7. Bg5 Be7 8. Be2
O-O 9. O-O Qc7 10. h3 d6 11. Re1 Bd7 12. Nf3 h6 13. Bh4 Rfd8 14. Bd3 Ne5 15.
Nxe5 dxe5 16. Qe2 g5 17. Bg3 Bb4 18. Rec1 Bxc3 19. bxc3 Qxc3 20. f3 Nh5 21. Be1
Qd4+ 22. Bf2 Qd6 23. g3 Ng7 24. c4 Bc6 25. c5 Qxd3 26. Qb2 Qxf3 27. Ra3 Qxe4
28. Kf1 Qg2+ 29. Ke2 Qxh3 30. Rg1 Qf5 0-1

[Event "Senioren 2018"]
[Site "Bad Woerishofen"]
[Date "2018.02.23"]
[Round "1"]
[White "Dietl, Robert"]
[Black "Gepting, Konrad"]
[Result "1-0"]
[WhiteElo "1912"]
[BlackElo "1585"]
[PlyCount "89"]
[EventDate "2018.??.??"]
[WhiteTeam "SK Königsbrunn"]
[BlackTeam "SK Marktoberdorf"]

1. e4 e5 2. Nf3 Nc6 3. Bc4 h6 4. d4 exd4 5. Nxd4 Ne5 6. Bb3 Nf6 7. O-O d6 8.
Nc3 c6 9. h3 a6 10. f4 Ng6 11. Qf3 Nh4 12. Qf2 Nh5 13. g4 Be7 14. Be3 c5 15.
Nde2 g6 16. Rad1 b6 17. Bd5 Rb8 18. Bc6+ Kf8 19. e5 Qc7 20. exd6 Bxd6 21. Bd5
Be7 22. f5 gxf5 23. gxh5 Rg8+ 24. Kh1 Bb7 25. Rg1 Bg5 26. Bf4 Bxd5+ 27. Nxd5
Qb7 28. Bd6+ Kg7 29. Bxb8 Qxb8 30. Qxh4 Kh8 31. Qg3 Qe8 32. Qc3+ Rg7 33. Qd3
Qe4+ 34. Qxe4 fxe4 35. h4 Bxh4 36. Rxg7 Kxg7 37. Kg2 Bg5 38. Ng3 e3 39. Re1 f6
40. Nxe3 Kf7 41. Nef5 Kf8 42. Re7 Bc1 43. b3 Bb2 44. Ne4 a5 45. Ned6 1-0

[Event "Senioren 2018"]
[Site "Bad Woerishofen"]
[Date "2018.02.23"]
[Round "1"]
[White "Felger, Karl"]
[Black "Rahn, Oskar"]
[Result "0-1"]
[WhiteElo "1775"]
[BlackElo "2048"]
[PlyCount "108"]
[EventDate "2018.??.??"]
[WhiteTeam "Schachmatt Schorndorf"]
[BlackTeam "SK Frankenthal"]

1. d4 Nf6 2. e3 e6 3. f4 b6 4. Nf3 Bb7 5. Bd3 d6 6. O-O Be7 7. c4 O-O 8. Nc3 c5
9. Qe2 Nbd7 10. b3 Re8 11. Bc2 d5 12. Bb2 Ne4 13. Nxe4 dxe4 14. Nd2 f5 15. Rad1
Qc7 16. Nb1 Bf6 17. Na3 a6 18. g4 g6 19. g5 Bg7 20. h4 Nf8 21. Rd2 Rad8 22.
Rfd1 Rd7 23. Bb1 cxd4 24. Bxd4 Red8 25. Nc2 e5 26. Bc3 exf4 27. Rxd7 Rxd7 28.
Rxd7 Nxd7 29. Bxg7 Kxg7 30. Nd4 Qe5 31. Qh2 fxe3 32. Qxe5+ Nxe5 33. Ne6+ Kg8
34. Kf1 Bc8 35. Nc7 Nf3 36. Nd5 Nd2+ 37. Ke2 Nxb1 38. Ne7+ Kf7 39. Nxc8 Nc3+
40. Kxe3 b5 41. a3 bxc4 42. bxc4 Ke6 43. Kd4 Na4 44. c5 Nxc5 45. Nb6 Nd7 46.
Nd5 Kd6 47. a4 a5 48. Ne3 Ne5 49. Ng2 Nc6+ 50. Kc4 Ke5 51. Kb5 Nb8 52. Kxa5 f4
53. Kb4 f3 54. Ne3 Kd4 0-1

[Event "Senioren 2018"]
[Site "Bad Woerishofen"]
[Date "2018.02.23"]
[Round "1"]
[White "Fitzke, Ulrich"]
[Black "Hohler, Peter"]
[Result "1-0"]
[WhiteElo "1812"]
[BlackElo "2105"]
[PlyCount "161"]
[EventDate "2018.??.??"]
[WhiteTeam "SV Bau-Union (Berlin)"]

1. d4 Nf6 2. c4 e6 3. Nc3 Bb4 4. Bd2 O-O 5. Nf3 b6 6. e3 Bb7 7. Be2 d6 8. O-O
Nbd7 9. a3 Bxc3 10. Bxc3 Ne4 11. Rc1 Qe7 12. Nd2 Nxc3 13. Rxc3 e5 14. d5 f5 15.
f3 a5 16. b3 Nf6 17. Qc2 e4 18. f4 Kh8 19. Qd1 Rg8 20. Rc1 Raf8 21. Kh1 Bc8 22.
b4 axb4 23. axb4 g5 24. fxg5 Rxg5 25. Rf4 Rfg8 26. g3 Nd7 27. Nb3 Ne5 28. Qd4
Qg7 29. Rg1 Qh6 30. Kg2 Qg7 31. Kf1 Ng6 32. Qxg7+ Rxg7 33. Rf2 Ne5 34. Nd4 h5
35. Rfg2 Ng4 36. Bxg4 Rxg4 37. Kf2 Bd7 38. Ne2 Kh7 39. Nf4 Kh6 40. Rc1 Re7 41.
c5 Rgg7 42. Rgg1 Bb5 43. Ne6 Rgf7 44. cxd6 cxd6 45. Nd4 Bd7 46. Rc7 Kg5 47. Ra1
Be8 48. Raa7 Rxc7 49. Ne6+ Kf6 50. Rxc7 Rxc7 51. Nxc7 Bf7 52. Na8 Bxd5 53. Nxb6
Bc6 54. Nc4 Ke6 55. Nb2 Bb5 56. Ke1 Kd5 57. Kd2 Bf1 58. Kc3 Bb5 59. Nd1 Be2 60.
Nf2 Bf1 61. Kb3 Be2 62. Nh3 Bd1+ 63. Kc3 Bf3 64. Nf4+ Kc6 65. Kd4 Bd1 66. b5+
Kb6 67. Nd5+ Ka5 68. Nc3 Bc2 69. Kd5 Bd3 70. Kc6 Kb4 71. Nd5+ Ka5 72. b6 Ba6
73. b7 Bxb7+ 74. Kxb7 Kb5 75. Kc7 Kc5 76. Nf6 d5 77. Nxh5 d4 78. exd4+ Kxd4 79.
Nf4 e3 80. Kd6 Ke4 81. Ke6 1-0

[Event "Senioren 2018"]
[Site "Bad Woerishofen"]
[Date "2018.02.23"]
[Round "1"]
[White "Fuchs, Joachim"]
[Black "Eichler, Gottfried"]
[Result "0-1"]
[WhiteElo "1767"]
[BlackElo "2025"]
[PlyCount "48"]
[EventDate "2018.??.??"]
[WhiteTeam "SC Starnberg"]
[BlackTeam "SV Bad Bevensen"]

1. d4 e6 2. c4 c5 3. d5 exd5 4. cxd5 d6 5. Nc3 Ne7 6. g3 Ng6 7. Bg2 Be7 8. Nh3
Nd7 9. O-O a6 10. a4 Rb8 11. a5 Nf6 12. Re1 O-O 13. Qc2 Re8 14. Nf4 Ne5 15. Nd3
Nc4 16. Qa4 b5 17. axb6 Nxb6 18. Qc2 Bb7 19. b3 Nbxd5 20. Nxd5 Nxd5 21. Bd2 Bf6
22. Ba5 Qc8 23. Rac1 Ne7 24. e4 Nc6 0-1

[Event "Senioren 2018"]
[Site "Bad Woerishofen"]
[Date "2018.02.23"]
[Round "1"]
[White "Fuchs, Michael"]
[Black "Wagner, Franz"]
[Result "1-0"]
[WhiteElo "2065"]
[BlackElo "1913"]
[PlyCount "63"]
[EventDate "2018.??.??"]
[WhiteTeam "DJK SF Haselbach"]
[BlackTeam "Spgem Kötz/Ichenhausen"]

1. e4 c5 2. Be2 Nc6 3. f4 e6 4. Nf3 Nf6 5. d3 d5 6. e5 Ng8 7. O-O f5 8. c3 d4
9. Nbd2 a6 10. a4 Nge7 11. Nb3 dxc3 12. bxc3 Nd5 13. Bd2 Bd7 14. Kh1 Rb8 15.
Ng5 Be7 16. Bh5+ g6 17. Bf3 Bxg5 18. Bxd5 exd5 19. fxg5 b6 20. Bf4 Be6 21. d4
c4 22. Nd2 b5 23. axb5 Rxb5 24. Qa4 Na7 25. Rfb1 Bd7 26. Rxb5 Nxb5 27. Qa5 Qxa5
28. Rxa5 Ke7 29. Nb1 Rb8 30. e6 Nxd4 31. Bxb8 Nc6 32. Rxd5 1-0

[Event "Senioren 2018"]
[Site "Bad Woerishofen"]
[Date "2018.02.23"]
[Round "1"]
[White "Ganslmayer, Anton"]
[Black "Schnell, Franz"]
[Result "1-0"]
[WhiteElo "1992"]
[BlackElo "1733"]
[PlyCount "55"]
[EventDate "2018.??.??"]
[WhiteTeam "SC Wangen"]
[BlackTeam "SV Trossingen"]

1. Nf3 d5 2. d4 Nf6 3. e3 Bf5 4. Bd3 Bxd3 5. cxd3 c6 6. Nc3 e6 7. O-O Be7 8. e4
dxe4 9. dxe4 O-O 10. Qe2 Re8 11. Rd1 Nbd7 12. Ne5 Nf8 13. Be3 Qa5 14. a3 N6d7
15. b4 Qc7 16. Nf3 Nf6 17. h3 Rad8 18. Ne5 N6d7 19. Nd3 Ng6 20. Rac1 Nf6 21. f4
Nh5 22. Qxh5 Rd7 23. Ne5 Nxe5 24. dxe5 Red8 25. Rxd7 Rxd7 26. Rd1 Qd8 27. Rxd7
Qxd7 28. Qd1 1-0

[Event "Senioren 2018"]
[Site "Bad Woerishofen"]
[Date "2018.02.23"]
[Round "1"]
[White "Gerl, Hans"]
[Black "Bjorgvik, Jan Arne"]
[Result "1/2-1/2"]
[WhiteElo "2012"]
[BlackElo "1756"]
[PlyCount "88"]
[EventDate "2018.??.??"]
[WhiteTeam "SK Zirndorf"]

1. d4 d5 2. c4 e6 3. Nc3 Nf6 4. Bg5 Be7 5. Nf3 O-O 6. e3 c6 7. Bd3 dxc4 8. Bxc4
Nd5 9. Bxe7 Qxe7 10. O-O Rd8 11. e4 Nxc3 12. bxc3 b5 13. Bd3 Nd7 14. e5 Bb7 15.
Qc2 g6 16. Nd2 a6 17. Ne4 Rab8 18. Nd6 Ba8 19. a4 Nb6 20. axb5 axb5 21. Ra2
Rxd6 22. exd6 Qxd6 23. Be4 Rc8 24. Rd1 Kg7 25. g3 c5 26. Bxa8 Nxa8 27. Qb2 Nc7
28. c4 e5 29. cxb5 exd4 30. b6 Nd5 31. b7 Rb8 32. Ra8 Qc7 33. Rxb8 Qxb8 34. Qb5
Nc3 35. Qa6 Nxd1 36. Qa8 Qe5 37. b8=Q Qe1+ 38. Kg2 Qxf2+ 39. Kh3 Qf5+ 40. g4
Qf1+ 41. Qg2 Nf2+ 42. Kg3 Nh1+ 43. Kh3 Nf2+ 44. Kg3 Nh1+ 1/2-1/2

[Event "Senioren 2018"]
[Site "Bad Woerishofen"]
[Date "2018.02.23"]
[Round "1"]
[White "Giacchino, Claudio"]
[Black "Plischke, Berthold"]
[Result "0-1"]
[WhiteElo "1650"]
[BlackElo "1961"]
[PlyCount "98"]
[EventDate "2018.??.??"]
[BlackTeam "SV Wesel"]

1. e4 e6 2. d3 d5 3. Nd2 Nc6 4. Ngf3 e5 5. g3 Be6 6. Bg2 Be7 7. O-O Qd7 8. Re1
f6 9. c3 dxe4 10. dxe4 O-O-O 11. Qc2 h5 12. Nh4 g5 13. Nf5 Nh6 14. Ng7 Bg4 15.
f3 Bc5+ 16. Kh1 Bh3 17. Nf1 Bxg2+ 18. Kxg2 Qxg7 19. b4 Bd6 20. Be3 g4 21. b5
gxf3+ 22. Kxf3 Nb8 23. a4 f5 24. Bg1 f4 25. a5 fxg3 26. hxg3 h4 27. Kg2 Ng4 28.
Re2 h3+ 29. Kh1 h2 30. Bxa7 Qf7 31. a6 Rdf8 32. axb7+ Kxb7 33. Nd2 Nd7 34. Qa4
Kc8 35. b6 Nc5 36. Qc6 Nb7 37. bxc7 Qxc7 38. Qd5 Rh6 39. Rb1 Rhf6 40. c4 Qf7
41. Qc6+ Qc7 42. Qd5 Bb4 43. Kg2 Rd6 44. Qb5 Rxd2 45. Rxd2 Bxd2 46. Bb6 Ne3+
47. Kxh2 Qh7+ 48. Kg1 Qxe4 49. Qd5 Qxb1+ 0-1

[Event "Senioren 2018"]
[Site "Bad Woerishofen"]
[Date "2018.02.23"]
[Round "1"]
[White "Goldinger, Josef"]
[Black "Villing, Dieter"]
[Result "0-1"]
[WhiteElo "1795"]
[BlackElo "2094"]
[PlyCount "82"]
[EventDate "2018.??.??"]
[WhiteTeam "SV Rottweil"]
[BlackTeam "SK Ludwigshafen"]

1. e4 c5 2. Nf3 Nc6 3. d4 cxd4 4. Nxd4 Nf6 5. Nc3 e6 6. Nxc6 bxc6 7. e5 Nd5 8.
Nxd5 cxd5 9. Bd3 Ba6 10. O-O Bxd3 11. Qxd3 Qc7 12. f4 g6 13. c3 Be7 14. Be3 O-O
15. Bd4 a5 16. Qe3 a4 17. g4 f5 18. exf6 Bxf6 19. Bxf6 Rxf6 20. g5 Rf5 21. Rf3
Raf8 22. Raf1 Qc4 23. a3 Qe4 24. Qd2 Rxg5+ 25. fxg5 Rxf3 26. Rxf3 Qxf3 27. Qd4
Qe4 28. Qa7 Qb1+ 29. Kf2 Qxb2+ 30. Kg1 Qc1+ 31. Kf2 Qd2+ 32. Kf1 Qf4+ 33. Ke1
Qxg5 34. Qxd7 Qg1+ 35. Kd2 Qxh2+ 36. Kd1 Qe5 37. Qxa4 Qd6 38. Qe8+ Kg7 39. a4
h5 40. a5 h4 41. Qa4 d4 0-1

[Event "Senioren 2018"]
[Site "Bad Woerishofen"]
[Date "2018.02.23"]
[Round "1"]
[White "Goris Schouwstra, Adry"]
[Black "Henrichsen, Erland"]
[Result "0-1"]
[WhiteElo "1733"]
[BlackElo "2009"]
[PlyCount "124"]
[EventDate "2018.??.??"]

1. d4 Nf6 2. Nf3 g6 3. c4 c5 4. d5 b5 5. cxb5 a6 6. e3 Bg7 7. Nc3 O-O 8. Bc4 d6
9. O-O Nbd7 10. bxa6 Bxa6 11. Bxa6 Rxa6 12. e4 Qb8 13. Qc2 Rb6 14. a4 Ne8 15.
Nb5 Nc7 16. Nxc7 Qxc7 17. Rb1 Rfb8 18. b3 Qb7 19. Nd2 Ne5 20. h3 c4 21. bxc4
Rxb1 22. Nxb1 Qxb1 23. Qe2 Qb4 24. Bg5 f6 25. Bf4 Qxa4 26. Bxe5 fxe5 27. Qd3
Rb3 28. Qe2 Bf6 29. Rc1 Qb4 30. g3 Qb6 31. Kg2 Rb2 32. Rc2 Rxc2 33. Qxc2 Qd4
34. h4 Kf7 35. Qe2 Qc5 36. Kg1 Qc8 37. Kg2 h5 38. Kh2 e6 39. Kg2 exd5 40. cxd5
Bd8 41. Qe3 Kg7 42. Qa3 Qc7 43. Qa2 Qc5 44. Qe2 Bb6 45. Kf3 Qd4 46. Kg2 Bc5 47.
Kf3 Kf6 48. Kg2 Ke7 49. Kf3 Kd8 50. Kg2 Kc7 51. Qe1 Kb6 52. Qb1+ Ka5 53. Qe1+
Kb5 54. f3 Bb4 55. Qf1+ Qc4 56. Qd1 Qa2+ 57. Kh3 Qd2 58. Qf1+ Kc5 59. Qg1+ Kc4
60. g4 Qe1 61. Qg2 Bd2 62. Kh2 Qxh4+ 0-1

[Event "Senioren 2018"]
[Site "Bad Woerishofen"]
[Date "2018.02.23"]
[Round "1"]
[White "Gundersen, Helge"]
[Black "Klimpel, Siegfried"]
[Result "0-1"]
[WhiteElo "2106"]
[BlackElo "1825"]
[PlyCount "76"]
[EventDate "2018.??.??"]
[BlackTeam "TSV Kareth-Lappersdorf"]

1. e4 c5 2. Nc3 a6 3. f4 Nc6 4. Nf3 e6 5. g3 d6 6. Bg2 Be7 7. O-O Nf6 8. d3 O-O
9. a4 Qc7 10. h3 Rb8 11. g4 b6 12. f5 Bb7 13. Ne2 d5 14. fxe6 fxe6 15. Ng5 Nd8
16. Nf4 Qc8 17. exd5 exd5 18. Qe2 Re8 19. Qe5 Bf8 20. Qc3 h6 21. Nf3 Nc6 22. g5
hxg5 23. Nxg5 Nd4 24. Qd2 c4 25. Kh1 Nf5 26. Kh2 Ne3 27. Re1 Bd6 28. Qxe3 Rxe3
29. Bxe3 Qf5 30. Nge6 Qxe6 31. Kh1 Qf5 32. Rf1 Qe5 33. Rae1 Qxb2 34. Rb1 Qe5
35. Bxb6 d4 36. Bxb7 Rxb7 37. a5 Rb8 38. Rf2 Qe3 0-1

[Event "Senioren 2018"]
[Site "Bad Woerishofen"]
[Date "2018.02.23"]
[Round "1"]
[White "Halli, Gerhard"]
[Black "Luebbers, Doris"]
[Result "1-0"]
[WhiteElo "1898"]
[BlackElo "1541"]
[PlyCount "75"]
[EventDate "2018.??.??"]
[WhiteTeam "SK Sandhausen"]
[BlackTeam "SF Taunus"]

1. d4 d5 2. Nf3 Nf6 3. Bf4 e6 4. e3 Bd6 5. Bg5 Be7 6. Bd3 b6 7. Nbd2 Bb7 8. O-O
O-O 9. Ne5 Nbd7 10. Qf3 c5 11. c3 cxd4 12. exd4 Nxe5 13. dxe5 Nd7 14. Qh3 g6
15. Bh6 Re8 16. Nf3 Nc5 17. Bb5 Nd7 18. Rad1 Bf8 19. Rfe1 Bg7 20. Bf4 a6 21.
Ba4 b5 22. Bc2 Nf8 23. Bd3 Rc8 24. Qg3 Rc7 25. h4 Kh8 26. h5 gxh5 27. Qh3 Ng6
28. Qxh5 Ree7 29. Bg5 Qg8 30. Bxe7 Rxe7 31. Qh2 Rc7 32. Nd4 Bf8 33. Re3 Bc5 34.
Rh3 Bxd4 35. cxd4 Qg7 36. f4 Bc8 37. Kf2 Kg8 38. Rh1 1-0

[Event "Senioren 2018"]
[Site "Bad Woerishofen"]
[Date "2018.02.23"]
[Round "1"]
[White "Heppell, Ian N"]
[Black "Titz, Waldemar"]
[Result "1-0"]
[WhiteElo "2035"]
[BlackElo "1770"]
[PlyCount "75"]
[EventDate "2018.??.??"]
[BlackTeam "SV Rottweil"]

1. e4 d6 2. d4 Nf6 3. Nc3 g6 4. Bc4 Bg7 5. Qe2 c6 6. e5 dxe5 7. dxe5 Nd5 8. Bd2
e6 9. Nf3 O-O 10. h4 Qc7 11. O-O-O Nd7 12. Rde1 b5 13. Bd3 Nc5 14. h5 Nxd3+ 15.
Qxd3 Nb4 16. Qe4 Nd5 17. hxg6 fxg6 18. Ng5 Nxc3 19. Bxc3 Rf5 20. Nxh7 Bb7 21.
Nf6+ Kf7 22. Rh7 Rh8 23. Reh1 Qd8 24. Rd1 Rxh7 25. Rxd8 Rh1+ 26. Be1 Bxf6 27.
exf6 Rd5 28. Rxd5 cxd5 29. Qe5 Ba6 30. b4 Rh5 31. Qc7+ Kxf6 32. Bc3+ Kg5 33.
Qe5+ Kh6 34. Qf4+ Kh7 35. Qf7+ Kh6 36. Bd2+ g5 37. Qf6+ Kh7 38. Bc3 1-0

[Event "Senioren 2018"]
[Site "Bad Woerishofen"]
[Date "2018.02.23"]
[Round "1"]
[White "Kelemen, Norbert"]
[Black "Singeisen, Hermann"]
[Result "0-1"]
[WhiteElo "1661"]
[BlackElo "1972"]
[PlyCount "66"]
[EventDate "2018.??.??"]
[WhiteTeam "SC Weiße Dame Ulm"]

1. c4 e5 2. g3 Nf6 3. Bg2 Nc6 4. Nc3 Bc5 5. e3 O-O 6. Nf3 d6 7. O-O Bg4 8. h3
Bh5 9. d3 a6 10. a3 a5 11. Qc2 Re8 12. b3 Rb8 13. Bb2 Bxf3 14. Bxf3 Ne7 15.
Rac1 c6 16. Rfe1 Ng6 17. Bg2 Nf8 18. Rcd1 Bb6 19. Ne2 d5 20. cxd5 cxd5 21. d4
e4 22. Nc3 Ne6 23. h4 g5 24. hxg5 Nxg5 25. Qe2 Re6 26. f4 exf3 27. Bxf3 Nfe4
28. Nxe4 Nxe4 29. Bxe4 Rxe4 30. Qf3 Qg5 31. Kf2 Rbe8 32. Bc1 R8e6 33. Rg1 Rf6
0-1

[Event "Senioren 2018"]
[Site "Bad Woerishofen"]
[Date "2018.02.23"]
[Round "1"]
[White "Kirchner, Ulrich"]
[Black "Macher, Claus"]
[Result "1/2-1/2"]
[WhiteElo "1643"]
[BlackElo "1958"]
[PlyCount "61"]
[EventDate "2018.??.??"]
[WhiteTeam "SF Blaustein"]
[BlackTeam "SF Ammerbuch"]

1. d4 Nf6 2. Nf3 e6 3. Bf4 d5 4. c3 c5 5. e3 Nc6 6. Nbd2 Be7 7. h3 a6 8. Bd3
O-O 9. O-O Bd6 10. Ne5 Qc7 11. Nxc6 Bxf4 12. Ne7+ Qxe7 13. exf4 Qc7 14. Qf3
cxd4 15. cxd4 Qb6 16. Nb3 a5 17. Rab1 Qd6 18. f5 a4 19. Nc1 Bd7 20. fxe6 fxe6
21. Qe3 Rae8 22. f4 g6 23. Qe5 Qb6 24. Ne2 Bc6 25. Nc3 Nd7 26. Qe3 e5 27. fxe5
Rxf1+ 28. Rxf1 Rxe5 29. Qf2 Re7 30. Kh2 Qd8 31. Qc2 1/2-1/2

[Event "Senioren 2018"]
[Site "Bad Woerishofen"]
[Date "2018.02.23"]
[Round "1"]
[White "Koch, Dieter"]
[Black "Kierzek, Mira"]
[Result "0-1"]
[WhiteElo "1725"]
[BlackElo "1977"]
[PlyCount "122"]
[EventDate "2018.??.??"]
[WhiteTeam "SC Ammersee"]
[BlackTeam "SC Fulda"]

1. d4 Nf6 2. e3 e6 3. Nd2 d5 4. f4 c5 5. c3 Nc6 6. Bd3 Bd6 7. Qf3 a6 8. a4 Qc7
9. Nh3 h6 10. O-O Rb8 11. g4 g6 12. g5 Nh5 13. Qg2 cxd4 14. Nf3 dxe3 15. Bxe3
Nxf4 16. Bxf4 Bxf4 17. Nxf4 Qxf4 18. Rae1 O-O 19. h4 Ne7 20. gxh6 Qxh6 21. Ne5
f5 22. Rf3 Kg7 23. Ref1 Rg8 24. Qg3 Rh8 25. Ng4 Qxh4 26. Qe5+ Kf7 27. Qxb8
Qxg4+ 28. Kf2 Qh4+ 29. Ke2 Qh2+ 30. Qxh2 Rxh2+ 31. R1f2 Rxf2+ 32. Kxf2 Kf6 33.
Rh3 Bd7 34. b3 g5 35. Bc2 Ng6 36. Rh7 Bc6 37. Ke3 e5 38. Rc7 f4+ 39. Kf2 e4 40.
Rh7 g4 41. Bd1 Kg5 42. Rc7 g3+ 43. Kg2 Kh6 44. Rf7 Kg5 45. a5 Nh4+ 46. Kg1 f3
47. Rg7+ Kf4 48. Rf7+ Ke3 49. Bxf3 exf3 50. Kf1 f2 51. Re7+ Kf4 52. c4 dxc4 53.
Rf7+ Nf5 54. bxc4 Be4 55. Rd7 Ne3+ 56. Ke2 f1=Q+ 57. Kd2 Qd1+ 58. Kc3 Qc2+ 59.
Kb4 Qxc4+ 60. Ka3 Qc3+ 61. Ka2 Qxa5+ 0-1

[Event "Senioren 2018"]
[Site "Bad Woerishofen"]
[Date "2018.02.23"]
[Round "1"]
[White "Kozlov, Alexander"]
[Black "Aigner, Georg"]
[Result "1-0"]
[WhiteElo "2175"]
[BlackElo "1841"]
[PlyCount "99"]
[EventDate "2018.??.??"]
[WhiteTeam "Stuttgarter SF"]
[BlackTeam "SC Taufkirchen"]

1. d4 Nf6 2. c4 e6 3. Nf3 d5 4. g3 c5 5. cxd5 exd5 6. Bg2 Nc6 7. O-O cxd4 8.
Nxd4 Be7 9. Nc3 O-O 10. Bf4 Nxd4 11. Qxd4 Be6 12. Rfd1 Qa5 13. Nxd5 Nxd5 14.
Bxd5 Bxd5 15. Qxd5 Qb6 16. Qb3 Qxb3 17. axb3 Rfd8 18. Rxd8+ Bxd8 19. Be5 f6 20.
Bd4 a6 21. Rc1 Kf7 22. Rc4 Ke6 23. Bc3 b5 24. Re4+ Kf7 25. Rd4 Ke6 26. Rh4 h6
27. Re4+ Kf7 28. g4 a5 29. b4 a4 30. Rd4 Ke6 31. Re4+ Kf7 32. Rd4 Ke6 33. e4 a3
34. bxa3 Rxa3 35. Rxd8 Rxc3 36. Rb8 Rc4 37. Rxb5 Rxe4 38. h3 Kd6 39. Rb7 g5 40.
b5 Rb4 41. b6 Ke5 42. Rb8 Ke6 43. Kg2 Rb3 44. b7 Kd7 45. Rf8 Rxb7 46. Rxf6 Rb5
47. Rxh6 Ke7 48. Rh5 Kf6 49. h4 Rb4 50. Rxg5 1-0

[Event "Senioren 2018"]
[Site "Bad Woerishofen"]
[Date "2018.02.23"]
[Round "1"]
[White "Leutz, Hans"]
[Black "Collins, Alan"]
[Result "1-0"]
[WhiteElo "1957"]
[BlackElo "1641"]
[PlyCount "107"]
[EventDate "2018.??.??"]
[WhiteTeam "SV Ebersbach"]

1. d4 d6 2. Nf3 Bg4 3. Nbd2 Nd7 4. b3 Ngf6 5. Bb2 d5 6. c4 e6 7. e3 Be7 8. Bd3
O-O 9. Qc2 Bh5 10. Ne5 Bg6 11. Nxg6 hxg6 12. O-O c6 13. e4 Rc8 14. e5 Nh7 15.
Rac1 c5 16. cxd5 exd5 17. Qb1 Qb6 18. Qa1 Qe6 19. f4 cxd4 20. Bxd4 Bc5 21. Nf3
Bxd4+ 22. Qxd4 Qb6 23. Qxb6 Nxb6 24. Nd4 Rxc1 25. Rxc1 Rc8 26. Rxc8+ Nxc8 27.
Kf2 Nf8 28. Ke3 a6 29. g4 Ne7 30. a4 Nd7 31. e6 Nc5 32. exf7+ Kxf7 33. Bc2 a5
34. Nf3 Nc6 35. h4 b6 36. Nd4 Nb4 37. Bb1 Kf6 38. g5+ Kf7 39. f5 gxf5 40. Bxf5
g6 41. Bb1 Nd7 42. Kf4 Kg7 43. Nf3 Nc5 44. Nd2 Nd7 45. Ke3 Nc6 46. Bc2 Nde5 47.
Bd1 Nd7 48. Nf3 Nc5 49. Nd4 Nb4 50. Nb5 Nc6 51. Bf3 d4+ 52. Nxd4 Nxd4 53. Kxd4
Nxb3+ 54. Kd5 1-0

[Event "Senioren 2018"]
[Site "Bad Woerishofen"]
[Date "2018.02.23"]
[Round "1"]
[White "Meul, Willi"]
[Black "Koppenhoefer, Heinz"]
[Result "1-0"]
[WhiteElo "1930"]
[BlackElo "1589"]
[PlyCount "121"]
[EventDate "2018.??.??"]
[WhiteTeam "SV Hürth-Berrenrath"]
[BlackTeam "TSV Solln"]

1. d4 d5 2. Nf3 Nf6 3. e3 Bg4 4. c4 dxc4 5. Bxc4 e6 6. Qb3 Bxf3 7. gxf3 Qc8 8.
Bd2 b6 9. Nc3 Be7 10. Rc1 Qb7 11. Ke2 O-O 12. Rhg1 Re8 13. a4 a5 14. e4 Rd8 15.
d5 exd5 16. Nxd5 Nxd5 17. Bxd5 c6 18. Bxf7+ Kh8 19. Bc3 Bf8 20. Bc4 Nd7 21. Rg4
Nc5 22. Qc2 b5 23. axb5 cxb5 24. Bd5 Rxd5 25. exd5 Qxd5 26. Qd1 Qe6+ 27. Kf1 b4
28. Bxg7+ Bxg7 29. Rxc5 Bxb2 30. Qd5 Qxd5 31. Rxd5 Bc3 32. Rgg5 a4 33. Ra5 Rxa5
34. Rxa5 a3 35. Ke2 Kg7 36. Kd3 Kf6 37. h4 h5 38. Kc2 Ke6 39. Kb3 Be1 40. Rxh5
Bxf2 41. Rh8 Kf7 42. h5 Be1 43. Rd8 Bc3 44. Rd7+ Ke6 45. Rc7 Kf6 46. h6 Kg6 47.
h7 Bg7 48. Rb7 Kxh7 49. Rxb4 Bb2 50. Rb6 Kg7 51. Ra6 Bc1 52. Kc4 Kf7 53. Kd5
Ke7 54. Ke5 Bb2+ 55. Kf5 Bc1 56. f4 Bb2 57. Kg6 Kf8 58. f5 Bc1 59. f6 Ke8 60.
f7+ Kf8 61. Ra8+ 1-0

[Event "Senioren 2018"]
[Site "Bad Woerishofen"]
[Date "2018.02.23"]
[Round "1"]
[White "Niedermaier, Peter"]
[Black "Loew, Peter"]
[Result "0-1"]
[WhiteElo "1817"]
[BlackElo "2117"]
[PlyCount "156"]
[EventDate "2018.??.??"]
[WhiteTeam "SU Ebersberg-Grafing"]
[BlackTeam "SC Waldkraiburg"]

1. e4 d6 2. d4 Nf6 3. Nc3 g6 4. Nf3 Bg7 5. Be2 O-O 6. O-O c6 7. h3 b5 8. a3 Bb7
9. Re1 a6 10. Bg5 h6 11. Bf4 Ne8 12. Qd2 Kh7 13. e5 Nc7 14. Rad1 d5 15. Be3 Nd7
16. Nh2 c5 17. dxc5 Nxe5 18. Bf4 e6 19. Bxb5 Nc6 20. Bf1 e5 21. Bg3 f5 22. f4
d4 23. Na4 e4 24. Nb6 Rb8 25. b4 Nb5 26. Bxb5 axb5 27. Qe2 Ba6 28. Nf1 Qc7 29.
Bh2 Rbd8 30. Kh1 Rfe8 31. Nd2 Qf7 32. Nb1 Bf6 33. Qf1 Qb7 34. Re2 Ne7 35. Bg1
Nc6 36. Red2 Qf7 37. Re2 Qe7 38. Nd2 Qf7 39. Nb1 Qe6 40. Red2 Kg7 41. Re2 Kh7
42. Red2 Rg8 43. Re2 Rg7 44. Red2 Qe7 45. Re2 Qc7 46. Bh2 Rf7 47. Red2 Rff8 48.
Re2 Bb7 49. Ree1 Na7 50. Nd2 Qf7 51. Re2 Bc6 52. Nb1 Rfe8 53. Bg1 Qe6 54. Red2
e3 55. Re2 Be4 56. Qe1 Qc6 57. Qg3 Rg8 58. Qh2 g5 59. fxg5 Rxg5 60. Bxe3 dxe3
61. Rxd8 Bxd8 62. Nc3 Bc7 63. Qg1 f4 64. Nxe4 Qxe4 65. Qf1 Rg3 66. Nd7 Qd4 67.
Nf8+ Kg8 68. Ne6 Qe5 69. Nxc7 Qxc7 70. Qd1 Rg5 71. Qd4 Nc6 72. Qe4 Kg7 73. Re1
Ne7 74. Rd1 Qe5 75. Qb7 e2 76. Re1 Qe3 77. Qxb5 f3 78. g4 f2 0-1

[Event "Senioren 2018"]
[Site "Bad Woerishofen"]
[Date "2018.02.23"]
[Round "1"]
[White "Rampp, Gerhard"]
[Black "Beck, Andreas"]
[Result "1-0"]
[WhiteElo "2067"]
[BlackElo "1802"]
[PlyCount "73"]
[EventDate "2018.??.??"]
[WhiteTeam "TSV Haunstetten"]
[BlackTeam "TSV Malschenberg"]

1. c4 b6 2. Nc3 Bb7 3. e4 c5 4. Nf3 e6 5. g3 d6 6. d4 cxd4 7. Nxd4 a6 8. Bg2
Qc7 9. Qe2 Nd7 10. Nc2 Ngf6 11. O-O Be7 12. Bd2 O-O 13. Rac1 Rfe8 14. Rfd1 Rac8
15. b3 Nc5 16. Bf4 Qc6 17. Nd4 Qc7 18. Nc2 Qb8 19. e5 dxe5 20. Bxe5 Qa8 21. Ne1
Nfd7 22. Bd6 Bf6 23. Bxb7 Nxb7 24. Ne4 Be7 25. Bxe7 Rxe7 26. Qe3 Nbc5 27. Nd6
Rd8 28. b4 Nb7 29. Nxb7 Qxb7 30. c5 Rc8 31. cxb6 Rxc1 32. Rxc1 Kf8 33. Rc7 Qxb6
34. Rxd7 Qxb4 35. Rd8+ Re8 36. Qd2 Qb1 37. Qd6+ 1-0